Diccionario multilingue de especies marinas
Shranjeno v:
| Main Authors: | , |
|---|---|
| Format: | Knjiga |
| Jezik: | španščina |
| Izdano: |
La Habana
Científico Técnica
1987
|
| Serija: | Colección Diccionarios
|
| Teme: | |
| Oznake: |
Označite
Brez oznak, prvi označite!
|
MARC
| LEADER | 00000nam a2200000 a 4500 | ||
|---|---|---|---|
| 001 | UCV4923 | ||
| 003 | CL-VaPUC | ||
| 008 | 901122e19870000CU |||||||||||||||||spa|d | ||
| 082 | 0 | 4 | |a 597.03 |b DEP |2 21 |
| 100 | 0 | |a Depestre Catony, Leonardo |e author |9 299112 | |
| 700 | 0 | |a Blanco Cabrera, Eladio |e author |9 299113 | |
| 245 | 1 | 0 | |a Diccionario multilingue de especies marinas |
| 300 | |a 80 p | ||
| 942 | |c BK | ||
| 945 | |d 19901122 00:00:00 | ||
| 260 | |a La Habana |b Científico Técnica |c 1987 | ||
| 650 | 0 | |a Fauna marina |9 261231 | |
| 650 | 0 | |a Diccionario Español |9 255650 | |
| 650 | 0 | |a Animales acuáticos |9 261299 | |
| 650 | 7 | |a PECES MARINOS |2 CL-VaPUC |9 299114 | |
| 583 | |a last modification |c 19901122 00:00:00 |k Rodrigo Vera | ||
| 490 | 0 | |a Colección Diccionarios | |
| 999 | |c 211550 |d 211548 | ||